Normal view
MARC view
- edited French, Derek
Entry Personal Name
001 - CONTROL NUMBER
- control field: 6100
003 - CONTROL NUMBER IDENTIFIER
- control field: JO-AjAnu
005 - DATE AND TIME OF LATEST TRANSACTION
- control field: 20230606071306.0
008 - FIXED-LENGTH DATA ELEMENTS
- fixed length control field: 230606|| aca||aabn | a|a d
040 ## - CATALOGING SOURCE
- Original cataloging agency: JO-AjAnu
- Transcribing agency: JO-AjAnu
100 ## - HEADING--PERSONAL NAME
- Personal name: edited French, Derek
670 ## - SOURCE DATA FOUND
- Source citation: Work cat.: (JO-AjAnu)3163: edited French, Derek, author, Blackstone's statutes on Company Law 2019-2020